Isotopes in molecular rearrangements (Record no. 25459)

MARC details
000 -LEADER
fixed length control field 00329nam a2200133Ia 4500
082 ## - DEWEY DECIMAL CLASSIFICATION NUMBER
Classification number 054.027
Item number DEN
245 #0 - TITLE STATEMENT
Title Isotopes in molecular rearrangements
260 ## - PUBLICATION, DISTRIBUTION, ETC. (IMPRINT)
Place of publication Amsterdam
Name of publisher Elsevier
Year of publication 1975
650 ## - SUBJECT ADDED ENTRY--TOPICAL TERM
Topical Term Isotopes
700 ## - ADDED ENTRY--PERSONAL NAME
Personal name Buncell, E
700 ## - ADDED ENTRY--PERSONAL NAME
Personal name Lee, C C
942 ## - ADDED ENTRY ELEMENTS (KOHA)
Koha item type Books
Holdings
Withdrawn status Lost status Damaged status Not for loan Home library Current library Date acquired Cost, normal purchase price Full call number Accession Number Koha item type
        RRII Library RRII Library 16/12/2021 100.00 054.027 DEN 06117 Books